000 00375nam a2200133Ia 4500
008 231129s1974||||xx |||||||||||||| ||spa||
020 _a84-206-1524-2
082 _aHAJ- 0477
100 _aEco Humberto ... [et al.]
245 0 _aLa nueva Edad Media
260 _c1974
264 _aEspaƱa: Alianza Editorial 1974
942 _2ddc
_cBKS
999 _c17778
_d17778